Online
Catalog

Proceso judicial : (Record no. 51158)

MARC details
000 -CABECERA
campo de control de longitud fija 01162nam a22002777a 4500
003 - IDENTIFICADOR DEL NÚMERO DE CONTROL
campo de control DO-SdBNP
005 - FECHA Y HORA DE LA ÚLTIMA TRANSACCIÓN
campo de control 20260216104103.0
007 - CAMPO FIJO DE DESCRIPCIÓN FÍSICA--INFORMACIÓN GENERAL
campo de control de longitud fija ta
008 - DATOS DE LONGITUD FIJA--INFORMACIÓN GENERAL
campo de control de longitud fija 220113b1999 a|||e |||| 001 0 spa d
040 ## - FUENTE DE LA CATALOGACIÓN
Centro catalogador/agencia de origen DO-SdBNP
Lengua de catalogación spa
Centro/agencia transcriptor BNPHU
082 ## - NÚMERO DE LA CLASIFICACIÓN DECIMAL DEWEY
Número de edición 22
Número de clasificación 347.05
Número de documento/Ítem R426p
110 10 - ENTRADA PRINCIPAL--NOMBRE DE ENTIDAD CORPORATIVA
Nombre de entidad corporativa o nombre de jurisdicción como elemento de entrada República Dominicana. Procuraduría General de la República
9 (RLIN) 80921
245 10 - MENCIÓN DE TÍTULO
Título Proceso judicial :
Resto del título expedicionarios de Luperón, 1949 /
Mención de responsabilidad, etc. Mariano Germán Mejía ; editores Bonaparte Gautreaux Piñeyro, Ysmael Paniagua Gurrero.
260 ## - PUBLICACIÓN, DISTRIBUCIÓN, ETC.
Lugar de publicación, distribución, etc. Santo Domingo :
Nombre del editor, distribuidor, etc. Procuraduría General de la República,
Fecha de publicación, distribución, etc. 1999.
300 ## - DESCRIPCIÓN FÍSICA
Extensión v. p :
Otras características físicas il. ;
Dimensiones 27 cm.
490 ## - MENCIÓN DE SERIE
Mención de serie Colección Procesos No.2,
Designación de volumen o secuencia v.2,
500 ## - NOTA GENERAL
Nota general 50 aniversario.
590 ## - NOTA LOCAL (RLIN)
Nota local Inventariado, 2022 / SA
650 40 - PUNTO DE ACCESO ADICIONAL DE MATERIA--TÉRMINO DE MATERIA
9 (RLIN) 65662
Término de materia o nombre geográfico como elemento de entrada Procesos
Subdivisión general Derecho
Subdivisión geográfica República Dominicana
650 40 - PUNTO DE ACCESO ADICIONAL DE MATERIA--TÉRMINO DE MATERIA
Término de materia o nombre geográfico como elemento de entrada Procesos
Subdivisión general Causas célebres
Subdivisión geográfica República Dominicana
9 (RLIN) 80923
650 40 - PUNTO DE ACCESO ADICIONAL DE MATERIA--TÉRMINO DE MATERIA
Término de materia o nombre geográfico como elemento de entrada Proceso judicial
9 (RLIN) 80924
700 1# - PUNTO DE ACCESO ADICIONAL--NOMBRE DE PERSONA
Nombre de persona Germán M., Mariano,
Fechas asociadas al nombre 1946-
Forma completa/desarrollada del nombre (Germán Mejía)
Término indicativo de función/relación Procurador General de la República
9 (RLIN) 9311
700 ## - PUNTO DE ACCESO ADICIONAL--NOMBRE DE PERSONA
Nombre de persona Gautreaux Piñeyro, Bonaparte. Paniagua Guerrero, Ysmael
Término indicativo de función/relación Editores
9 (RLIN) 80922
910 ## - DATOS DE OPCIÓN DEL USUARIO (OCLC)
Datos de opción del usuario Saquino
942 ## - ELEMENTOS DE PUNTO DE ACCESO ADICIONAL (KOHA)
Fuente del sistema de clasificación o colocación Dewey Decimal Classification
Tipo de ítem Koha Libro
Holdings
Estado de retiro Estado de pérdida Fuente del sistema de clasificación o colocación Restricciones de uso No para préstamo Código de colección Localización permanente Ubicación/localización actual Ubicación en estantería Fecha de adquisición Fuente de adquisición Total de préstamos Signatura topográfica completa Código de barras Fecha visto por última vez Precio válido a partir de Tipo de ítem Koha Nota pública Número de copia
    Dewey Decimal Classification Préstamo en sala   Monografías: Libros y Folletos Biblioteca Nacional Pedro Henríquez Ureña Dominicana En catalogación 01.02.2018     BNPHU DS 347.05 R426p 2022-0115 18.01.2022 18.01.2022 Libro   v.2, e.3
    Dewey Decimal Classification Préstamo en sala   Monografías: Libros y Folletos Biblioteca Nacional Pedro Henríquez Ureña Dominicana En catalogación 01.02.2018     BNPHU DS 347.05 R426p 2022-0116 18.01.2022 18.01.2022 Libro   v.2, e.4
    Dewey Decimal Classification Préstamo en sala   Monografías: Libros y Folletos Biblioteca Nacional Pedro Henríquez Ureña Dominicana En catalogación 01.02.2018     BNPHU DS 347.05 R426p 2022-0117 18.01.2022 18.01.2022 Libro   v. 2, e.5
    Dewey Decimal Classification Excluido de préstamo   Monografías: Libros y Folletos Biblioteca Nacional Pedro Henríquez Ureña Patrimonio Dominicano En catalogación 02.01.2018 Donado   BNPHU PD 347.05 R426p 2022-0067 13.01.2022 13.01.2022 Libro S/A  
    Dewey Decimal Classification Excluido de préstamo   Monografías: Libros y Folletos Biblioteca Nacional Pedro Henríquez Ureña Patrimonio Dominicano En catalogación 02.01.2018 Donado   BNPHU PD 347.05 R426p 2022-0068 13.01.2022 13.01.2022 Libro S/A e.2

Powered by Koha